Statistics for Click to Translate - Dutch words for Colors

Click here to take the quiz!

General Stats

  • This quiz has been taken 127 times
  • The average score is 10 of 11

Answer Stats

HintAnswer% Correct
OrangeOranje
98%
GreyGrijs
97%
BrownBruin
96%
BlueBlauw
95%
WhiteWit
95%
RedRood
94%
PinkRoze
94%
GreenGroen
93%
BlackZwart
90%
PurplePaars
89%
YellowGeel
85%

Score Distribution

Percentile by Number Answered

Percent of People with Each Score

Your Score History

You have not taken this quiz